Desarrollo científico, técnico y obstáculos sociales al final de la antigüedad /
সংরক্ষণ করুন:
| প্রধান লেখক: | |
|---|---|
| অন্যান্য লেখক: | |
| বিন্যাস: | গ্রন্থ |
| ভাষা: | স্প্যানিশ |
| বিষয়গুলি: | |
| ট্যাগগুলো: |
কোনো ট্যাগ নেই, প্রথমজন হিসাবে ট্যাগ করুন!
|
MARC
| LEADER | 00000nam^a2200000^a^4500 | ||
|---|---|---|---|
| 001 | 000294687 | ||
| 005 | 20250521000000.0 | ||
| 009 | 20260310112215.843 | ||
| 037 | |a Acervo Xavier Clavigero | ||
| 041 | |a ESP | ||
| 082 | |a 303. 483 |b MAG | ||
| 100 | |a Magalhaes-Vilhena, V. de |e (autor) | ||
| 245 | 1 | 0 | |a Desarrollo científico, técnico y obstáculos sociales al final de la antigüedad / |c V. de Magalhaes-Vilhena ; pról. de G. Bueno ; tr. por Geneviève Corcelle. |
| 264 | |a Madrid, España : |b Ayuso, |c 1971 | ||
| 300 | |a 89 p. | ||
| 336 | |a texto |b txt |2 rdacontenido | ||
| 337 | |a sin mediación |b n |2 rdamedio | ||
| 338 | |a volumen |b nc |2 rdasoporte | ||
| 649 | |a XX | ||
| 650 | |a Maquinaria - |x Historia | ||
| 650 | |a Desarrollo Tecnológico - |x Historia - |x Tema Principal | ||
| 650 | |a Ciencia - |z Grecia - |x Historia | ||
| 650 | |a Ciencia - |z China - |x Historia | ||
| 650 | |a Ciencia - |x Historia | ||
| 650 | |a Tecnología y Sociedad - |x Historia | ||
| 700 | |a Bueno, Gustavo |e (pról.) | ||
| 910 | |a Fondo General | ||
| 920 | |a Impresos - Libros | ||
| 930 | |a Colección General | ||
| 905 | |a 101 | ||
| 901 | |a 0500180520 |b IT1 |c ACC |u 20250521 | ||
| 902 | |a https://opac.biblio.iteso.mx/vufind/Record/000294687 | ||